| 000 | 01232nam a2200241Ia 4500 | ||
|---|---|---|---|
| 001 | 17587 | ||
| 003 | GE_BSU | ||
| 008 | 181216s||||||||xx |||||||||||||| ||und|| | ||
| 040 | _cGE_BSU | ||
| 080 | _a316(479.22)(09) + 070(479.22) | ||
| 100 | _aმესხი,სერგეი | ||
| 245 | _aთხზულებანი სამ ტომად:ტომი III:წერილები:1878-1883 | ||
| 245 | _bსაზოგადოებრივი აზრის ისტორია საქართველოში; ქართული ჟურნალისტიკა | ||
| 245 | _cშედგ.იოსებ ბოცვაძის მიერ,მისივე შენიშვნებით და კომენტარებით;რედ.:ნ.ინასარიძე. | ||
| 260 | _aთბილისი | ||
| 260 | _bსაბჭ.საქართველო | ||
| 260 | _c1964 | ||
| 300 | _a463გვ.21სმ. | ||
| 653 | _aსაზოგადოებრივი აზრის ისტორია საქართველოში | ||
| 653 | _aქართული ჟურნალისტიკა | ||
| 653 | _aწერილები | ||
| 942 | _cBK | ||
| 999 |
_c50637 _d50637 |
||